TAXMANN'S INDIAN ACCOUNTING STANDARDS [IND.AS] 7TH ED. 2025 (Record no. 8817)

MARC details
000 -LEADER
fixed length control field 00433nam a22001697a 4500
005 - DATE AND TIME OF LATEST TRANSACTION
control field 20250911121505.0
008 - FIXED-LENGTH DATA ELEMENTS--GENERAL INFORMATION
fixed length control field 250910b |||||||| |||| 00| 0 eng d
020 ## - INTERNATIONAL STANDARD BOOK NUMBER
ISBN 978-93-71260-21-3
041 ## - LANGUAGE CODE
Language code of text/sound track or separate title eng
082 ## - DEWEY DECIMAL CLASSIFICATION NUMBER
Classification number 657.48 TAX-T
100 ## - MAIN ENTRY--AUTHOR NAME
Personal name TAXMANN
245 ## - TITLE STATEMENT
Title TAXMANN'S INDIAN ACCOUNTING STANDARDS [IND.AS] 7TH ED. 2025
260 ## - PUBLICATION, DISTRIBUTION, ETC. (IMPRINT)
Place of publication NEW DELHI
Name of publisher TAXMANN
Year of publication 2025
300 ## - PHYSICAL DESCRIPTION
Number of Pages 147;P
650 ## - SUBJECT ADDED ENTRY--TOPICAL TERM
Topical Term MANAGEMENT
942 ## - ADDED ENTRY ELEMENTS (KOHA)
Koha item type Books
Holdings
Lost status Damaged status Collection code Home library Current library Shelving location Date acquired Source of acquisition Cost, normal purchase price Full call number Accession Number Koha item type
    MANAGEMENT JRU Library JRU Library Reference Section 10/09/2025 PURCHASE 2295.00 657.48 28860 Books
    LAW JRU Library JRU Library SHELF-32-E 10/09/2025 PURCHASE 2295.00 657.48 28861 Books